[Event "TV Borken 1 - SK Münster 5"]
[Site "Verbandsliga 2015/2016"]
[Date "2015.11.21"]
[Round "3.1"]
[White "Haberkamp, Carl"]
[Black "Schulze-Schwering, Philipp"]
[Result "1-0"]
[WhiteElo "1894"]
[BlackElo "2047"]
[PlyCount "75"]
[EventDate "2015.??.??"]
[SourceDate "2015.12.04"]

1. d4 d5 2. c4 e6 3. Nf3 c6 4. Qc2 Nf6 5. g3 Be7 6. Bg2 O-O 7. O-O Nbd7 8. Nbd2
b6 9. e4 dxe4 10. Nxe4 Nxe4 11. Qxe4 Bb7 12. Rd1 Nf6 13. Qc2 Qc8 14. c5 Nd5 15.
Ng5 Nf6 16. Bf4 h6 17. Ne4 Nxe4 18. Bxe4 bxc5 19. dxc5 Rd8 20. Rxd8+ Qxd8 21.
Rd1 Qe8 22. Bc7 Bd8 23. Bxd8 Rxd8 24. Qa4 Rxd1+ 25. Qxd1 Qe7 26. b4 f5 27. Bg2
a6 28. f4 Kf8 29. Bf3 Qc7 30. Qd4 Bc8 31. Kf2 a5 32. Ke3 axb4 33. Qxb4 Ke7 34.
Qd4 Kf7 35. a4 Qa5 36. Kf2 Qc7 37. Bh5+ Kf8 38. Ke3 1-0

[Event "TV Borken 1 - SK Münster 5"]
[Site "Verbandsliga 2015/2016"]
[Date "2015.11.21"]
[Round "3.2"]
[White "Schroer, Klaus"]
[Black "Austrup, David"]
[Result "1/2-1/2"]
[WhiteElo "2045"]
[BlackElo "1915"]
[PlyCount "55"]
[EventDate "2015.??.??"]
[SourceDate "2015.12.04"]

1. e4 c5 2. c3 Nf6 3. e5 Nd5 4. d4 cxd4 5. Nf3 Nc6 6. cxd4 d6 7. Bc4 dxe5 8.
Nxe5 e6 9. O-O Be7 10. a3 O-O 11. Nxc6 bxc6 12. b4 Nb6 13. Be2 a5 14. bxa5 Rxa5
15. Ra2 Rd5 16. Qb3 e5 17. Rb2 Nd7 18. dxe5 Nxe5 19. Nc3 Ra5 20. a4 Be6 21. Qb7
Bf6 22. Rd2 Qb8 23. Qxb8 Rxb8 24. Ne4 Be7 25. Bb2 Nc4 26. Bxc4 Bxc4 27. Re1 Bb4
28. Bc3 1/2-1/2

[Event "TV Borken 1 - SK Münster 5"]
[Site "Verbandsliga 2015/2016"]
[Date "2015.11.21"]
[Round "3.3"]
[White "Hartmann, Steffen"]
[Black "Beckmann, David"]
[Result "1/2-1/2"]
[WhiteElo "1877"]
[BlackElo "1991"]
[PlyCount "77"]
[EventDate "2015.??.??"]
[SourceDate "2015.12.04"]

1. e4 e6 2. d4 d5 3. Nd2 c5 4. Ngf3 a6 5. c3 Nc6 6. dxc5 Bxc5 7. Bd3 Nf6 8. O-O
Qc7 9. exd5 exd5 10. Re1+ Be7 11. h3 O-O 12. Nb3 Rd8 13. Be3 Ne4 14. Nbd4 Bf6
15. Qc2 Re8 16. Rad1 Bd7 17. a3 Rad8 18. Qb3 Nc5 19. Qc2 Nxd3 20. Qxd3 Ne5 21.
Nxe5 Bxe5 22. Nf3 Bb5 23. Qf5 f6 24. Bd4 Bf4 25. Rxe8+ Bxe8 26. Qg4 Bd7 27. Qh5
Ba4 28. Re1 Qf7 29. Qf5 Bc7 30. Bc5 Bd7 31. Qd3 Re8 32. Rxe8+ Bxe8 33. Qe3 Bd7
34. Bb6 Bd6 35. Bc5 Bc7 36. Bb6 Bd6 37. Bc5 Bc7 38. Bb6 Bd6 39. Bc5 1/2-1/2

[Event "TV Borken 1 - SK Münster 5"]
[Site "Verbandsliga 2015/2016"]
[Date "2015.11.21"]
[Round "3.5"]
[White "Stumpe, Danny"]
[Black "Theißen, Frank"]
[Result "0-1"]
[WhiteElo "1708"]
[BlackElo "1746"]
[PlyCount "128"]
[EventDate "2015.??.??"]
[SourceDate "2015.12.04"]

1. e4 e6 2. d4 d5 3. exd5 exd5 4. Bd3 Nc6 5. Ne2 Nf6 6. O-O Be7 7. f3 Nb4 8.
Be3 Nxd3 9. Qxd3 O-O 10. Nbc3 c6 11. g4 Ne8 12. Bf4 Bd6 13. Bxd6 Nxd6 14. Qd2
Nc4 15. Qc1 Re8 16. Nd1 Rxe2 17. Nc3 Re8 18. b3 Nd6 19. Qd2 b6 20. Kg2 f5 21.
g5 Ba6 22. Rf2 Qe7 23. Nd1 Qe1 24. Qf4 Rad8 25. Rc1 Re2 26. g6 hxg6 27. Qg5 Nf7
28. Qg3 Rxf2+ 29. Qxf2 Qxf2+ 30. Kxf2 Re8 31. Nc3 Nd6 32. Rd1 Kf7 33. Rd2 Nb5
34. Nd1 Nc7 35. Ne3 Ne6 36. c3 Ng5 37. Nc2 Rh8 38. Kg2 Re8 39. Kf2 Ne6 40. Nb4
Bb7 41. Nd3 Rd8 42. b4 g5 43. Re2 Nf4 44. Ne5+ Kf6 45. Rd2 c5 46. bxc5 bxc5 47.
Rb2 Ba8 48. Kg3 cxd4 49. cxd4 Ne6 50. Rb4 Nxd4 51. Nd3 f4+ 52. Kg2 Nf5 53. Ra4
Ne3+ 54. Kf2 Rd7 55. h4 Nc4 56. hxg5+ Kxg5 57. Nc5 Re7 58. Ra6 Kf5 59. Nb3 Ke5
60. Ke2 Nb6 61. Kd3 Bc6 62. Nd4 Be8 63. Ra3 Bg6+ 64. Kc3 Rc7+ 0-1

[Event "TV Borken 1 - SK Münster 5"]
[Site "Verbandsliga 2015/2016"]
[Date "2015.11.21"]
[Round "3.6"]
[White "Rickert, Berthold"]
[Black "Hundehege, Tobias"]
[Result "1/2-1/2"]
[WhiteElo "1803"]
[BlackElo "1753"]
[PlyCount "133"]
[EventDate "2015.??.??"]
[SourceDate "2015.12.04"]

1. c4 c5 2. Nc3 Nf6 3. g3 g6 4. Bg2 Bg7 5. Nf3 Nc6 6. O-O O-O 7. e3 d6 8. d4
Bf5 9. Re1 cxd4 10. Nxd4 Qc8 11. Nxf5 Qxf5 12. e4 Qc5 13. Bf1 Ne5 14. Qe2 Rfc8
15. Be3 Qc6 16. Nd5 Nxd5 17. cxd5 Qa4 18. Bg5 Kf8 19. b3 Qa3 20. Rac1 a5 21.
Bh3 Rc5 22. Be3 Rxc1 23. Rxc1 Qb4 24. f4 Qxe4 25. fxe5 Qxe5 26. Qd2 f5 27. Bf4
Qd4+ 28. Qxd4 Bxd4+ 29. Kf1 b6 30. Ke2 Kf7 31. Rc7 Kf6 32. Be3 Bc5 33. Bxc5
bxc5 34. Rb7 h6 35. Kd3 g5 36. Ke3 a4 37. a3 axb3 38. Rxb3 Ke5 39. Bg2 f4+ 40.
gxf4+ gxf4+ 41. Kf2 Ra4 42. Rh3 c4 43. Ke2 Kd4 44. Kd2 f3 45. Bxf3 Rxa3 46.
Rh4+ Kc5 47. Be2 c3+ 48. Ke1 Kxd5 49. Bc4+ Kc5 50. Be6 d5 51. Kd1 Ra6 52. Bf7
Rf6 53. Bg8 e5 54. Bh7 d4 55. Rh5 Kd6 56. Ke2 Kd5 57. Bg8+ Ke4 58. Bh7+ Kf4 59.
h3 Rf7 60. Bd3 Kg3 61. Rxe5 Rf2+ 62. Ke1 Rd2 63. Bh7 Kxh3 64. Rh5+ Kg3 65. Rxh6
Kf3 66. Rf6+ Kg3 67. Re6 1/2-1/2

[Event "TV Borken 1 - SK Münster 5"]
[Site "Verbandsliga 2015/2016"]
[Date "2015.11.21"]
[Round "3.7"]
[White "Bissen, Philippe"]
[Black "Vijayakumaran, Vithoosan"]
[Result "0-1"]
[WhiteElo "1681"]
[BlackElo "1674"]
[PlyCount "60"]
[EventDate "2015.??.??"]
[SourceDate "2015.12.04"]

1. d4 Nf6 2. c4 e6 3. Nc3 b6 4. e3 Bb7 5. Nf3 Be7 6. Be2 O-O 7. O-O d5 8. Bd2
Nbd7 9. Rc1 Ne4 10. cxd5 exd5 11. Qb3 Nxc3 12. bxc3 c5 13. c4 Nf6 14. Ne5 Ne4
15. Bc3 f6 16. Nf3 Ba6 17. Ba1 b5 18. cxd5 c4 19. Qc2 Qxd5 20. a4 Rac8 21. axb5
Bxb5 22. Nd2 Nxd2 23. Qxd2 Rc7 24. Qa5 Rfc8 25. Bf3 Qd7 26. Rc3 Rb8 27. Bd5+
Kf8 28. Rfc1 Rb6 29. Bxc4 Bxc4 30. h3 Bb4 0-1

[Event "TV Borken 1 - SK Münster 5"]
[Site "Verbandsliga 2015/2016"]
[Date "2015.11.21"]
[Round "3.8"]
[White "Klüppel, Ralf"]
[Black "Baumann, Eva"]
[Result "1/2-1/2"]
[WhiteElo "1677"]
[BlackElo "1595"]
[PlyCount "99"]
[EventDate "2015.??.??"]
[SourceDate "2015.12.04"]

1. d4 d5 2. Nf3 Nf6 3. e3 e6 4. Bd3 c5 5. c3 Nbd7 6. Nbd2 Bd6 7. O-O O-O 8. Qe2
b6 9. e4 dxe4 10. Nxe4 Be7 11. Bg5 Bb7 12. Ng3 h6 13. Be3 Nd5 14. Bd2 Qc7 15.
Ne5 N5f6 16. Rfe1 Rfe8 17. Rad1 Rad8 18. Bb1 Qc8 19. Bf4 Ba6 20. Qe3 Bf8 21.
Ne4 Nxe4 22. Qxe4 Nf6 23. Qf3 Qb7 24. Qxb7 Bxb7 25. Be3 cxd4 26. Bxd4 Be7 27.
Rd2 Bc5 28. Red1 Be7 29. f3 Rd5 30. Bc2 Red8 31. Bb3 R5d6 32. Nc4 R6d7 33. Kf1
Ba6 34. Ke1 Nd5 35. Bf2 Nf6 36. Bd4 Nd5 37. Bf2 Nf6 38. Bg3 Bb5 39. Rxd7 Nxd7
40. a4 Bc6 41. Ne5 Nxe5 42. Rxd8+ Bxd8 43. Bxe5 Kf8 44. Kd2 f6 45. Bb8 a5 46.
Bxe6 Bxa4 47. Bd5 Ke7 48. Bf4 Kd7 49. Kd3 Bc7 50. Bxc7 1/2-1/2

[Event "SG Ahaus-Wessum 1 - SK Münster 4"]
[Site "Verbandsliga 2015/2016"]
[Date "2015.11.21"]
[Round "3.1"]
[White "Schulz, Stefan"]
[Black "Schulze Ameling, Hendrik"]
[Result "1/2-1/2"]
[WhiteElo "1921"]
[BlackElo "2025"]
[PlyCount "75"]
[EventDate "2015.??.??"]
[SourceDate "2015.12.04"]

1. d4 e6 2. Nf3 b6 3. g3 Bb7 4. Bg2 f5 5. O-O Nf6 6. c4 Be7 7. b3 O-O 8. Ba3
Ne4 9. Bxe7 Qxe7 10. Qd3 Nc6 11. a3 d5 12. b4 Qf6 13. cxd5 exd5 14. Nbd2 a6 15.
Rac1 g5 16. Nb3 Rad8 17. Nfd2 g4 18. e3 Ng5 19. b5 axb5 20. Qxb5 Nb8 21. Rfe1
Ba6 22. Qa4 c6 23. Qb4 Nd7 24. a4 Rb8 25. Qc3 Rfc8 26. a5 Nh3+ 27. Bxh3 gxh3
28. axb6 Rxb6 29. Nf3 Qe7 30. Nc5 Nxc5 31. Qxc5 Qe4 32. Nh4 Rb2 33. Qd6 Bb5 34.
Qf6 Rf8 35. Qg5+ Kf7 36. Qh5+ Kg8 37. Qg5+ Kf7 38. Qh5+ 1/2-1/2

[Event "SG Ahaus-Wessum 1 - SK Münster 4"]
[Site "Verbandsliga 2015/2016"]
[Date "2015.11.21"]
[Round "3.2"]
[White "Rosing, Hermann"]
[Black "Jansen, Dirk"]
[Result "1/2-1/2"]
[WhiteElo "1950"]
[BlackElo "1924"]
[PlyCount "46"]
[EventDate "2015.??.??"]
[SourceDate "2015.12.04"]

1. e4 e6 2. d4 d5 3. exd5 exd5 4. c4 Nf6 5. Nc3 Bb4 6. Bd3 O-O 7. Nge2 dxc4 8.
Bxc4 Nc6 9. O-O Bd6 10. f3 h6 11. Be3 Bf5 12. a3 Qd7 13. Rc1 Rad8 14. Qd2 Ne7
15. Rcd1 c6 16. Bf4 Be6 17. Bd3 Bxf4 18. Qxf4 Ned5 19. Qd2 Nxc3 20. bxc3 Bf5
21. Bc4 Be6 22. Bd3 Bf5 23. Bc4 Be6 1/2-1/2

[Event "SG Ahaus-Wessum 1 - SK Münster 4"]
[Site "Verbandsliga 2015/2016"]
[Date "2015.11.21"]
[Round "3.3"]
[White "Tietz, Eric"]
[Black "Bauland, Thomas"]
[Result "1-0"]
[WhiteElo "1906"]
[BlackElo "1862"]
[PlyCount "120"]
[EventDate "2015.??.??"]
[SourceDate "2015.12.04"]

1. e4 e6 2. d4 d5 3. Nd2 Nf6 4. exd5 exd5 5. Ngf3 Bd6 6. Bd3 O-O 7. O-O Bg4 8.
h3 Bh5 9. c3 Nc6 10. Qc2 Bg6 11. Nh4 Bxd3 12. Qxd3 Ne7 13. Ndf3 Ne4 14. Ng5
Nxg5 15. Bxg5 f6 16. Bd2 Qd7 17. f4 Rae8 18. Rae1 a6 19. f5 Qb5 20. Qxb5 axb5
21. Rf3 Kf7 22. g4 Nc8 23. Ng2 Nb6 24. Bf4 Bxf4 25. Rxf4 Rxe1+ 26. Nxe1 Ra8 27.
a3 Re8 28. Kf2 Nc4 29. Nd3 Ke7 30. h4 Kd6 31. g5 Nd2 32. Nc5 b6 33. Ne6 Re7 34.
Kg3 Ne4+ 35. Kg4 fxg5 36. hxg5 Rf7 37. Rf3 Kd7 38. Nf4 c6 39. Nd3 Kd6 40. Ne5
Rf8 41. Kf4 h6 42. gxh6 gxh6 43. Rh3 Rf6 44. Ng4 Ng5 45. Re3 Rf8 46. Nxh6 Ne4
47. Rh3 c5 48. Ng4 b4 49. Rh6+ Kc7 50. axb4 cxb4 51. cxb4 Nd6 52. Ne3 Re8 53.
Nxd5+ Kc6 54. Nc3 Re1 55. b5+ Kd7 56. Rh7+ Kd8 57. f6 Rf1+ 58. Ke5 Nc4+ 59. Ke6
Re1+ 60. Kd5 Ne3+ 1-0

[Event "SG Ahaus-Wessum 1 - SK Münster 4"]
[Site "Verbandsliga 2015/2016"]
[Date "2015.11.21"]
[Round "3.4"]
[White "Diehlmann, Christian"]
[Black "Wolffgang, Georg"]
[Result "1-0"]
[WhiteElo "1874"]
[BlackElo "1879"]
[PlyCount "71"]
[EventDate "2015.??.??"]
[SourceDate "2015.12.04"]

1. d4 Nf6 2. c4 c5 3. d5 e5 4. Nc3 d6 5. e4 Nbd7 6. Nge2 Be7 7. Ng3 g6 8. Bh6
Bf8 9. Qd2 a6 10. Be2 Ng8 11. Bxf8 Kxf8 12. O-O Kg7 13. f4 exf4 14. Rxf4 Ne5
15. Raf1 Bd7 16. Nd1 h5 17. Qc3 b5 18. Rxf7+ Kh6 19. Ne3 Nxf7 20. Rxf7 Rh7 21.
Nef5+ gxf5 22. Nxf5+ Bxf5 23. Rxf5 Qe8 24. Qe3+ Kg7 25. Qc3+ Kh6 26. Qe3+ Kg7
27. Qg3+ Kh8 28. Qc3+ Rg7 29. Rxh5+ Nh6 30. Rxh6+ Kg8 31. Bg4 Raa7 32. Be6+
Raf7 33. Qh3 Kf8 34. Rh8+ Rg8 35. Bxf7 Qxf7 36. Qc8+ 1-0

[Event "SG Ahaus-Wessum 1 - SK Münster 4"]
[Site "Verbandsliga 2015/2016"]
[Date "2015.11.21"]
[Round "3.5"]
[White "Voß, Norbert"]
[Black "Woltering, Martin"]
[Result "0-1"]
[WhiteElo "1854"]
[BlackElo "1733"]
[PlyCount "82"]
[EventDate "2015.??.??"]
[SourceDate "2015.12.04"]

1. c4 f5 2. Nc3 Nf6 3. g3 e6 4. Bg2 Be7 5. d3 O-O 6. e4 fxe4 7. dxe4 e5 8. Nf3
d6 9. h3 a5 10. O-O Na6 11. Be3 Be6 12. b3 Kh8 13. Ne1 Qe8 14. Nd3 Rd8 15. Qe2
Qg6 16. Bd2 c6 17. Na4 b5 18. Nab2 b4 19. a3 Nd7 20. axb4 Nxb4 21. Bxb4 axb4
22. Nxb4 Rc8 23. N2d3 c5 24. Nd5 Bxd5 25. exd5 Ra8 26. Qe4 Qg5 27. Kh2 Nf6 28.
Qe2 Nh5 29. Qg4 Qh6 30. Qe6 Qg5 31. h4 Qf6 32. Qxf6 Nxf6 33. b4 e4 34. Bxe4
Nxe4 35. Rae1 Nd2 36. Rxe7 Nxf1+ 37. Kg2 Nd2 38. bxc5 dxc5 39. Nxc5 Nxc4 40.
Ne6 Rfe8 41. Rc7 Rac8 0-1

[Event "SG Ahaus-Wessum 1 - SK Münster 4"]
[Site "Verbandsliga 2015/2016"]
[Date "2015.11.21"]
[Round "3.6"]
[White "Kemper, Josef"]
[Black "Börger, Andreas"]
[Result "1-0"]
[WhiteElo "1828"]
[BlackElo "1811"]
[PlyCount "105"]
[EventDate "2015.??.??"]
[SourceDate "2015.12.04"]

1. e4 e6 2. d4 d5 3. exd5 exd5 4. Nf3 Bd6 5. c4 b6 6. cxd5 Nf6 7. Bb5+ Bd7 8.
Bxd7+ Nbxd7 9. Nc3 Qe7+ 10. Be3 Bf4 11. Qe2 Bd6 12. O-O O-O 13. Rfe1 Bb4 14.
Qc4 Bxc3 15. bxc3 Qd6 16. Qd3 Nxd5 17. c4 N5f6 18. Bg5 Rfe8 19. Bxf6 Qxf6 20.
Re3 c5 21. Rae1 Rxe3 22. fxe3 Rd8 23. d5 Ne5 24. Qe2 b5 25. Nxe5 Qxe5 26. cxb5
Qxd5 27. Rc1 Rc8 28. Qc4 Qd2 29. e4 Qe3+ 30. Kf1 h5 31. Rc3 Qg5 32. Rf3 Qg6 33.
a4 Re8 34. Rf5 Qe6 35. Qxe6 Rxe6 36. Rxc5 Rxe4 37. a5 g6 38. Rc7 Re5 39. b6
axb6 40. axb6 Rb5 41. b7 Kg7 42. Ke2 Rb3 43. Kd2 Kf6 44. Kc2 Rb6 45. Kc3 Ke6
46. Kc4 h4 47. Kc5 Rb2 48. Rc6+ Ke5 49. Rb6 Rc2+ 50. Kb5 Rb2+ 51. Kc6 Rc2+ 52.
Kd7 Rd2+ 53. Ke7 1-0

[Event "SG Ahaus-Wessum 1 - SK Münster 4"]
[Site "Verbandsliga 2015/2016"]
[Date "2015.11.21"]
[Round "3.7"]
[White "Schlagheck, Thomas"]
[Black "Beckmann, Christian"]
[Result "1/2-1/2"]
[WhiteElo "1680"]
[BlackElo "1733"]
[PlyCount "66"]
[EventDate "2015.??.??"]
[SourceDate "2015.12.04"]

1. e4 c5 2. Nf3 e6 3. d4 cxd4 4. Nxd4 Nc6 5. c3 Qb6 6. Nxc6 bxc6 7. Qc2 Nf6 8.
Be3 Bc5 9. Bxc5 Qxc5 10. Nd2 a5 11. Be2 O-O 12. O-O Ba6 13. Nb3 Qb6 14. Rfe1 d5
15. exd5 cxd5 16. Bf3 Rab8 17. Be2 Bc4 18. Reb1 Rfc8 19. Bxc4 Rxc4 20. Qe2 Re4
21. Qd2 e5 22. h3 Rf4 23. Qe3 a4 24. Qxb6 Rxb6 25. Nc5 Kf8 26. Nd3 Re4 27. Kf1
Ke7 28. Re1 Kd6 29. Nb4 Rc4 30. Re2 d4 31. Rd1 Ke6 32. Nd3 Rb5 33. cxd4 Rxd4
1/2-1/2

[Event "SG Ahaus-Wessum 1 - SK Münster 4"]
[Site "Verbandsliga 2015/2016"]
[Date "2015.11.21"]
[Round "3.8"]
[White "Mast, Holger"]
[Black "Dietrich, Johannes"]
[Result "1-0"]
[WhiteElo "1705"]
[BlackElo "1718"]
[PlyCount "27"]
[EventDate "2015.??.??"]
[SourceDate "2015.12.04"]

1. e4 e6 2. d4 d5 3. exd5 exd5 4. Nc3 Bf5 5. Bd3 Bxd3 6. Qxd3 c6 7. Nf3 Be7 8.
O-O Nf6 9. Re1 O-O 10. Bg5 Nbd7 11. Ne5 Re8 12. Re3 Nf8 13. Rae1 Ne6 14. Nxf7
1-0

[Event "SF Olfen 1 - SV Heiden 1"]
[Site "Verbandsliga 2015/2016"]
[Date "2015.11.21"]
[Round "3.1"]
[White "Berger, Alfred"]
[Black "Koke, Christoph"]
[Result "1/2-1/2"]
[WhiteElo "1983"]
[BlackElo "2070"]
[PlyCount "40"]
[EventDate "2015.??.??"]
[SourceDate "2015.12.04"]

1. e4 c5 2. d4 cxd4 3. c3 dxc3 4. Nxc3 Nc6 5. Nf3 d6 6. Bc4 a6 7. O-O Nf6 8.
Bf4 e6 9. Qe2 Be7 10. Rfd1 Qc7 11. Rac1 O-O 12. Bb3 Nd7 13. Nd5 exd5 14. exd5
Ndb8 15. dxc6 Nxc6 16. Bd5 Bg4 17. h3 Bh5 18. g4 Bg6 19. Nd4 Nxd4 20. Rxd4 Qd7
1/2-1/2

[Event "SF Olfen 1 - SV Heiden 1"]
[Site "Verbandsliga 2015/2016"]
[Date "2015.11.21"]
[Round "3.2"]
[White "Bösel, Alexander"]
[Black "Wienen, Hermann"]
[Result "1/2-1/2"]
[WhiteElo "1961"]
[BlackElo "1955"]
[PlyCount "105"]
[EventDate "2015.??.??"]
[SourceDate "2015.12.04"]

1. Nf3 c5 2. g3 g6 3. Bg2 Bg7 4. e4 Nc6 5. d3 d6 6. O-O Nf6 7. Re1 O-O 8. c3
Bg4 9. h3 Bd7 10. Nbd2 Rb8 11. d4 cxd4 12. cxd4 Qc8 13. e5 Ne8 14. Kh2 dxe5 15.
dxe5 Nb4 16. Re4 Nd3 17. Rc4 Bc6 18. Qe2 Nxc1 19. Raxc1 Qf5 20. Nd4 Qxe5 21.
Qxe5 Bxe5 22. Bxc6 Bxd4 23. Rxd4 bxc6 24. b3 Nf6 25. Rxc6 Rfd8 26. Rxd8+ Rxd8
27. Nc4 Rd7 28. Kg2 Nd5 29. Ne5 Rb7 30. Rc5 e6 31. Nc4 Nb4 32. Ra5 Nc6 33. Ra6
Nb4 34. Ra4 Nc6 35. Nd6 Rd7 36. Ne8 Re7 37. Rc4 Nd8 38. Nf6+ Kg7 39. Ne4 f5 40.
Nd6 e5 41. Rc8 Rd7 42. Nb5 e4 43. a4 Nf7 44. Kf1 a6 45. Nc7 Ne5 46. Nxa6 Rd2
47. Nb4 Nf3 48. Rc1 g5 49. a5 f4 50. gxf4 gxf4 51. Kg2 Nh4+ 52. Kf1 Nf3 53. Kg2
1/2-1/2

[Event "SF Olfen 1 - SV Heiden 1"]
[Site "Verbandsliga 2015/2016"]
[Date "2015.11.21"]
[Round "3.3"]
[White "Ehrlich, Hans-Georg"]
[Black "Beutelhoff, Josef"]
[Result "1/2-1/2"]
[WhiteElo "1804"]
[BlackElo "2059"]
[PlyCount "65"]
[EventDate "2015.??.??"]
[SourceDate "2015.12.04"]

1. b4 c6 2. c4 Nf6 3. Bb2 e6 4. a3 a5 5. b5 cxb5 6. cxb5 b6 7. e3 Bb7 8. Nf3 d6
9. Be2 Nbd7 10. O-O Be7 11. d4 O-O 12. Nbd2 d5 13. Qa4 Rc8 14. Rac1 Rxc1 15.
Rxc1 Qb8 16. Ne5 Nxe5 17. dxe5 Nd7 18. Nf3 Rc8 19. Rxc8+ Qxc8 20. Qd1 Qc7 21.
Bd3 g6 22. Be2 Bf8 23. Qc1 Qb8 24. Bd4 Nc5 25. Qc2 Qc8 26. Nd2 Nd7 27. Qb2 Be7
28. Nb1 Qf8 29. Qc3 Nc5 30. Qc2 Qc8 31. h3 Nd7 32. Qb2 Nc5 33. Qc2 1/2-1/2

[Event "SF Olfen 1 - SV Heiden 1"]
[Site "Verbandsliga 2015/2016"]
[Date "2015.11.21"]
[Round "3.4"]
[White "Althoff, Ralph"]
[Black "Sicking, Norbert"]
[Result "1/2-1/2"]
[WhiteElo "1978"]
[BlackElo "1780"]
[PlyCount "49"]
[EventDate "2015.??.??"]
[SourceDate "2015.12.04"]

1. e4 d6 2. d4 g6 3. Nf3 Bg7 4. Nc3 Nf6 5. Be2 O-O 6. O-O Nbd7 7. h3 e5 8. Be3
c6 9. a4 Qe7 10. d5 c5 11. Nd2 Ne8 12. a5 Nc7 13. Nc4 f5 14. Qd3 f4 15. Bd2 Nf6
16. Na4 Na6 17. f3 Nh5 18. Be1 Rd8 19. Nc3 Bd7 20. Ra3 Qg5 21. Kh1 Ng3+ 22.
Bxg3 Qxg3 23. Bd1 Bxh3 24. gxh3 Qxh3+ 25. Kg1 1/2-1/2

[Event "SF Olfen 1 - SV Heiden 1"]
[Site "Verbandsliga 2015/2016"]
[Date "2015.11.21"]
[Round "3.5"]
[White "Niewerth, Gerd"]
[Black "Grawunder, Jürgen"]
[Result "1/2-1/2"]
[WhiteElo "1758"]
[BlackElo "1969"]
[PlyCount "82"]
[EventDate "2015.??.??"]
[SourceDate "2015.12.04"]

1. e4 d6 2. c4 g6 3. d4 Bg7 4. Nc3 Nd7 5. Be3 Ngf6 6. f3 e5 7. Nge2 c6 8. g4 h6
9. d5 cxd5 10. cxd5 Nb6 11. Ng3 Bd7 12. Qb3 O-O 13. O-O-O Qc7 14. Kb1 Rfc8 15.
Nb5 Bxb5 16. Bxb5 Qd8 17. h4 Nbd7 18. Bxd7 Qxd7 19. g5 hxg5 20. hxg5 Ne8 21.
Qd3 b5 22. Rh4 a5 23. Rdh1 a4 24. Qd2 Qc7 25. Rh7 Kf8 26. Rc1 Qd7 27. Rhh1 Ke7
28. Qb4 Nc7 29. Ne2 Na6 30. Qd2 b4 31. Rxc8 Rxc8 32. Rc1 Rxc1+ 33. Nxc1 Qb5 34.
Qd3 Qb7 35. Qc4 Kd7 36. Nd3 Bf8 37. Bd2 Be7 38. Nxb4 Nxb4 39. Qxb4 Qxb4 40.
Bxb4 Bxg5 41. Ba5 f5 1/2-1/2

[Event "SF Olfen 1 - SV Heiden 1"]
[Site "Verbandsliga 2015/2016"]
[Date "2015.11.21"]
[Round "3.6"]
[White "Engelkamp, Stephan"]
[Black "Wienen, Josef"]
[Result "1-0"]
[WhiteElo "1897"]
[BlackElo "1635"]
[PlyCount "60"]
[EventDate "2015.??.??"]
[SourceDate "2015.12.04"]

1. c4 c5 2. Nc3 Nc6 3. g3 g6 4. Bg2 Bg7 5. Nf3 e6 6. O-O Nge7 7. d3 O-O 8. Bf4
d6 9. Rb1 e5 10. Bd2 Be6 11. a3 a5 12. Ne1 Rb8 13. Nc2 Qd7 14. Ne3 Nd4 15. b4
axb4 16. axb4 f5 17. bxc5 dxc5 18. Ned5 Nxd5 19. Nxd5 Qf7 20. e3 Nc6 21. Rb6
Rfd8 22. Qb3 Kh8 23. Rb1 e4 24. dxe4 Ne5 25. Bc3 Rd7 26. f4 Bxd5 27. cxd5 c4
28. Qa3 Ng4 29. Bxg7+ Kxg7 30. e5 Qe7 1-0

[Event "SF Olfen 1 - SV Heiden 1"]
[Site "Verbandsliga 2015/2016"]
[Date "2015.11.21"]
[Round "3.7"]
[White "Dombrowa, Franz"]
[Black "Preuß, Richard"]
[Result "0-1"]
[WhiteElo "1254"]
[BlackElo "1767"]
[PlyCount "48"]
[EventDate "2015.??.??"]
[SourceDate "2015.12.04"]

1. d4 d5 2. Nf3 e6 3. e3 Nf6 4. c4 c6 5. Nc3 Nbd7 6. Bd3 dxc4 7. Bxc4 b5 8. Be2
a6 9. a3 c5 10. O-O Bb7 11. dxc5 Bxc5 12. b4 Ba7 13. Bb2 O-O 14. Bd3 Rc8 15.
Rc1 Ng4 16. Re1 Bxf3 17. Qxf3 Nde5 18. Qg3 Qxd3 19. Ne2 Nc4 20. Nf4 Qf5 21. h3
Nxb2 22. hxg4 Qe4 23. Rxc8 Rxc8 24. f3 Bxe3+ 0-1

[Event "SF Olfen 1 - SV Heiden 1"]
[Site "Verbandsliga 2015/2016"]
[Date "2015.11.21"]
[Round "3.8"]
[White "Boenigk, Winfried"]
[Black "Wigger, Niklas"]
[Result "1-0"]
[WhiteElo "1751"]
[BlackElo "1697"]
[PlyCount "93"]
[EventDate "2015.??.??"]
[SourceDate "2015.12.04"]

1. d4 e6 2. c4 Nf6 3. Nc3 Bb4 4. Bg5 O-O 5. Nf3 d5 6. e3 Nbd7 7. Be2 dxc4 8.
Bxc4 Nb6 9. Bb3 Nbd5 10. Qc2 b6 11. a3 Be7 12. O-O Bb7 13. Rac1 Rc8 14. Nb5 a6
15. Na7 Ra8 16. Nc6 Bxc6 17. Qxc6 Rc8 18. Ne5 Qd6 19. Bxf6 Qxc6 20. Rxc6 Nxf6
21. Rfc1 Bd6 22. f3 Rfd8 23. Nc4 Ne8 24. Ba2 b5 25. Nd2 a5 26. Ne4 Kf8 27. g3
Rb8 28. Nc5 b4 29. a4 Bxc5 30. R6xc5 b3 31. Bb1 Rb4 32. Rxa5 Rd5 33. Ra8 e5 34.
Be4 Rd7 35. Bc6 Re7 36. d5 f5 37. a5 Kf7 38. Bxe8+ Rxe8 39. Rxc7+ Kf8 40. Raa7
Rd8 41. Rf7+ Kg8 42. Rxg7+ Kf8 43. Rxh7 Kg8 44. Rhd7 Rc8 45. Rac7 Rxc7 46. Rxc7
Ra4 47. d6 1-0

[Event "SF Beelen 1 - SC Falke Saerbeck 1"]
[Site "Verbandsliga 2015/2016"]
[Date "2015.11.21"]
[Round "3.1"]
[White "Hegemann, Eike"]
[Black "Hofene, Dieter"]
[Result "1/2-1/2"]
[WhiteElo "1985"]
[BlackElo "1959"]
[PlyCount "97"]
[EventDate "2015.??.??"]
[SourceDate "2015.12.04"]

1. e4 c6 2. d4 d5 3. exd5 cxd5 4. Bd3 Nc6 5. c3 Nf6 6. Bf4 Bg4 7. Nf3 Qb6 8. b4
e6 9. O-O Be7 10. Nbd2 O-O 11. b5 Na5 12. Qc2 Rac8 13. Ne5 Bh5 14. Bg5 Qc7 15.
Rac1 Ba3 16. Ndf3 Bxc1 17. Rxc1 Ne4 18. Bf4 Qe7 19. Bxe4 dxe4 20. Qxe4 f6 21.
Nd3 Bg6 22. Qe2 Rfe8 23. Nc5 e5 24. Bd2 b6 25. Nb3 Nxb3 26. axb3 Bh5 27. Qe4
Bxf3 28. gxf3 exd4 29. Qxd4 Red8 30. Qf4 Qe5 31. Qxe5 fxe5 32. Rc2 Rd3 33. Kg2
Kf7 34. Ra2 Ke6 35. Be1 Rc7 36. b4 Kd5 37. Re2 Rc4 38. Ra2 Rd1 39. Bd2 Rc7 40.
f4 e4 41. c4+ Ke6 42. Be3 Rb1 43. Ra4 Kf5 44. c5 bxc5 45. Bxc5 Rb7 46. Bxa7
Rxb5 47. Bc5 Rb2 48. Ra7 Kxf4 49. Rxg7 1/2-1/2

[Event "SF Beelen 1 - SC Falke Saerbeck 1"]
[Site "Verbandsliga 2015/2016"]
[Date "2015.11.21"]
[Round "3.2"]
[White "Cigelski, Rudolf"]
[Black "Fischer, Andreas"]
[Result "0-1"]
[WhiteElo "1780"]
[BlackElo "1952"]
[PlyCount "98"]
[EventDate "2015.??.??"]
[SourceDate "2015.12.04"]

1. e4 e5 2. Nc3 Nf6 3. f4 d5 4. d3 Nc6 5. fxe5 Nxe5 6. d4 Ng6 7. e5 Ne4 8. Nxe4
dxe4 9. Bc4 c5 10. c3 cxd4 11. cxd4 Bb4+ 12. Bd2 Qa5 13. Bxf7+ Kf8 14. Bxg6
hxg6 15. Ne2 Bg4 16. O-O+ Ke8 17. Bxb4 Qxb4 18. Re1 Rd8 19. a3 Qxb2 20. Qa4+ b5
21. Qb4 Qxb4 22. axb4 Bxe2 23. Rxe2 Rxd4 24. Rxa7 Rf8 25. h3 Rf7 26. Ra6 Rf5
27. e6 Ke7 28. Rc2 Rd1+ 29. Kh2 Rd6 30. Ra7+ Kxe6 31. Rxg7 Ke5 32. Rb7 Rd5 33.
g4 Rf3 34. Re2 Kd4 35. Re7 Re5 36. Rc7 Rb3 37. Rd2+ Ke3 38. Rd6 Rxb4 39. Rxg6
Rd4 40. Rb6 Kd2 41. Rcb7 Rdd5 42. Ra6 e3 43. Ra2+ Kd3 44. Ra3+ Kd4 45. Ra1 e2
46. Re1 Ke3 47. Ra7 Rd1 48. Ra1 Rxe1 49. Rxe1 Kf2 0-1

[Event "SF Beelen 1 - SC Falke Saerbeck 1"]
[Site "Verbandsliga 2015/2016"]
[Date "2015.11.21"]
[Round "3.3"]
[White "Kipp, Lucas"]
[Black "Hanewinkel, Winfried"]
[Result "1-0"]
[WhiteElo "1869"]
[BlackElo "1917"]
[PlyCount "53"]
[EventDate "2015.??.??"]
[SourceDate "2015.12.04"]

1. e4 c5 2. c3 Nf6 3. e5 Nd5 4. d4 cxd4 5. Nf3 Nc6 6. Bc4 Nb6 7. Bb3 d6 8. cxd4
dxe5 9. d5 Nd4 10. Nxd4 exd4 11. Qxd4 e6 12. Nc3 Nxd5 13. Nxd5 exd5 14. O-O Be7
15. Qxg7 Bf6 16. Re1+ Be6 17. Ba4+ Ke7 18. Rxe6+ Kxe6 19. Qg4+ Ke7 20. Bf4 Rg8
21. Re1+ Kf8 22. Bh6+ Rg7 23. Qb4+ Kg8 24. Bxg7 Kxg7 25. Re8 Qc7 26. Qg4+ Kh6
27. Rxa8 1-0